Tilastot visalle Väkirikkaimmat valtiot A-Ö

Klikkaa tästä pelataksesi tätä visaa!

Yleistilastot

  • Tätä visaa on pelattu 723 kertaa
  • Keskiarvotulos 19 / 24

Vastaustilastot

VäkilukuValtio% Oikein
K1434 milj.Kiina
99%
I1429 milj.Intia
98%
Y344 milj.Yhdysvallat
96%
B216 milj.Brasilia
92%
V144 milj.Venäjä
92%
J123 milj.Japani
89%
Q2,72 milj.Qatar
89%
R67,5 milj.Ranska
85%
O4,65 milj.Oman
84%
P241 milj.Pakistan
84%
S83,3 milj.Saksa
83%
N224 milj.Nigeria
82%
Z16,7 milj.Zimbabwe
82%
F117 milj.Filippiinit
80%
A45,8 milj.Argentiina
79%
E127 milj.Etiopia
79%
M128 milj.Meksiko
76%
T85,8 milj.Turkki
73%
C19,6 milj.Chile
72%
H11,7 milj.Haiti
71%
L7,64 milj.Laos
70%
G34,1 milj.Ghana
68%
U48,6 milj.Uganda
64%
D11,3 milj.Dominikaaninen tasavalta
57%

Tulosjakauma

Persentiili vastausten määrän mukaan

Jokaisen tuloksen saaneiden osuus

Tuloshistoriasi

Et ole pelannut tätä visaa